00413nam a2200181Ia 4500008004100000020001800041050001400059100001700073245002500090245001700115260001500132260001600147260000900163300001400172300002700186300001000213500000800223170918s9999 xx 000 0 und d a9780545414579 bG666 2010 aGore, Leonid 4aThe wonderful book / cLeonid Gore. aNew York : bScholastic, c2010 aunpaged : bcolored illustration ; c28cm. a390